Tvorivé hľadanie ukazuje cesty

Bibliographic Details
Main Author: Gallo, Ján (Author)
Format: Article
Language:Slovak
Subjects:

MARC

LEADER 00000nab a2200000 a 4500
001 vtls000162163
003 SK-MaSNL
005 20260305040440.0
008 111104c1983 xo 0 slo
015 |a SNBRB19rr/mm-uuuuu 
035 |a CL0172274 
040 |a SNKBUCL  |b slo  |c SNKBUCL  |e AACR2 
041 0 |a slo 
044 |a xo  |c SK 
080 |a 330.341.1  |2 1981 
080 |a 329.15(437.6)KSS  |2 1981 
100 1 |a Gallo, Ján  |4 aut  |9 71876 
245 1 0 |a Tvorivé hľadanie ukazuje cesty  |c Ján Gallo 
610 2 7 |a Komunistická strana Slovenska  |2 snkbucl  |9 30182 
650 0 7 |a vedecko-technický rozvoj  |2 snkbucl  |9 3999 
651 7 |a 5408  |2 snkbucl  |9 279318 
651 7 |a Rožňava (Slovensko : okres)  |2 snkbucl  |9 19215 
655 7 |a články z novín a časopisov  |2 snkbucl  |9 267496 
773 0 |t Pravda  |g Roč. 64, č. 253 (26. 10. 1983), s. 3 
850 |a Slovenská národná knižnica v Martine  |a MTA001 
852 |a SNK  |b KIS3GCP 
958 |a RK 
992 |a RBX 
999 |c 3338457  |d 3340387